[Event "English Women's 2025"]
[Site "Kenilworth ENG"]
[Date "2025.07.20"]
[Round "5.2"]
[White "Zhu, Yaoyao"]
[Black "Maton, Emily"]
[Result "1-0"]
[WhiteElo "1967"]
[BlackElo "1980"]
[WhiteFideId "8601330"]
[BlackFideId "343120293"]
[EventDate "2025.07.18"]

1. e4 c5 2. Nf3 e6 3. c3 Nf6 4. e5 Nd5 5. d4 cxd4 6. cxd4 d6 7. Bc4 Nb6 8. Bb5+
Bd7 9. Bd3 Bc6 10. O-O N8d7 11. Nc3 dxe5 12. Nxe5 Nxe5 13. dxe5 Bb4 14. Qe2 Bxc3
15. bxc3 Qd5 16. f3 O-O-O 17. Be4 Qxe5 18. Qf2 Qc7 19. Be3 Bxe4 20. fxe4 Rd7 21.
Rab1 Rhd8 22. Rb5 Na4 23. Bf4 Qc6 24. Qxa7 Rd6 25. Bxd6 Rxd6 26. Qxa4 f6 27. Qb4
b6 28. a4 Kd8 29. a5 bxa5 30. Qxa5+ Ke7 31. Qb4 Kf7 32. Ra1 Kg6 33. e5 Rd7 34.
Rc5 Qb7 35. Qxb7 Rxb7 36. Ra6 fxe5 37. Rxe6+ Kf7 38. Rcxe5 Rb1+ 39. Kf2 Rb2+ 40.
Kf3 Rc2 41. Re3 Rc1 42. R6e4 Rf1+ 43. Kg3 Kg6 44. Rg4+ Kh6 45. c4 g5 46. Rc3 Kg6
47. h4 h6 48. hxg5 h5 49. Rd4 Kxg5 50. c5 Rh1 51. c6 h4+ 52. Kf2 h3 53. gxh3
Rh2+ 54. Kg3 1-0

[Event "English Women's 2025"]
[Site "Kenilworth ENG"]
[Date "2025.07.20"]
[Round "5.3"]
[White "Fernando, Manel"]
[Black "Longson, Sarah N"]
[Result "0-1"]
[BlackTitle "WFM"]
[WhiteElo "1698"]
[BlackElo "1932"]
[WhiteFideId "439606"]
[BlackFideId "2501465"]
[EventDate "2025.07.18"]

1. d4 d5 2. Bf4 c5 3. c3 Nc6 4. e3 Bf5 5. Nf3 Qb6 6. Qb3 c4 7. Qxb6 axb6 8. Nbd2
b5 9. Be2 Nf6 10. O-O b4 11. Rfc1 h6 12. Ne5 bxc3 13. Rxc3 Nxe5 14. dxe5 Ne4 15.
Nxe4 Bxe4 16. a3 e6 17. Rd1 b5 18. f3 Bg6 19. Rcc1 Bc5 20. Kf1 Ke7 21. Ra1 Ra7
22. Rdc1 Rha8 23. Bd1 Bd3+ 24. Kf2 g5 25. Bg3 b4 26. a4 d4 27. e4 c3 28. b3 Ba6
29. f4 d3+ 30. Kf3 c2 31. Bxc2 dxc2 32. Rxc2 Bd4 33. Rd1 Rd7 34. f5 Rad8 35. Be1
Bc3 36. Rxd7+ Rxd7 37. Bf2 exf5 38. Bc5+ Ke6 39. Bxb4 fxe4+ 40. Kg4 Bxb4 41.
Rc6+ Kxe5 42. Rxa6 f5+ 43. Kh5 e3 0-1

[Event "English Women's 2025"]
[Site "Kenilworth ENG"]
[Date "2025.07.20"]
[Round "5.4"]
[White "Roychowdhury, Aashita"]
[Black "Sheikh, Anum"]
[Result "0-1"]
[BlackTitle "WCM"]
[WhiteElo "1625"]
[BlackElo "1843"]
[WhiteFideId "343412106"]
[BlackFideId "436690"]
[EventDate "2025.07.18"]

1. e4 c5 2. Nf3 e6 3. d4 cxd4 4. Nxd4 Nc6 5. Nc3 Qc7 6. Nxc6 bxc6 7. Be3 Nf6 8.
Be2 a6 9. Qd2 d5 10. f3 Be7 11. O-O Bb7 12. Bd3 O-O 13. Qe2 c5 14. exd5 exd5 15.
Bf2 Bd6 16. g3 Rfe8 17. Qd1 d4 18. Nb1 c4 19. Bf5 Rad8 20. Qxd4 Be5 21. Qb6 Qxb6
22. Bxb6 Bxb2 23. Bxd8 Rxd8 24. Na3 Bxa3 25. Rab1 Bc5+ 26. Kg2 Bc6 27. Rbd1 Nd5
28. Kh3 Rd6 29. g4 Rh6+ 30. Kg3 g5 31. Rh1 Nf4 32. h4 Ne2+ 33. Kg2 Nd4 34. Rxd4
Bxd4 35. Rd1 Be5 36. Rd8+ Kg7 37. h5 Rd6 38. Rxd6 Bxd6 39. Kf2 h6 40. Ke3 Bc5+
41. Ke2 Kf6 42. Bh7 Ke5 43. Bg8 Bd5 44. Bh7 Kf4 45. Bg8 Bxf3+ 46. Kf1 Bd5 47.
Bh7 Kxg4 48. c3 Kxh5 49. Bc2 g4 50. Bd1 Kh4 51. Be2 g3 52. Bxc4 g2+ 53. Ke2
Bxc4+ 54. Kf3 Bd5+ 55. Kf4 g1=Q 56. c4 Qg5# 0-1

[Event "English Women's 2025"]
[Site "Kenilworth ENG"]
[Date "2025.07.20"]
[Round "5.5"]
[White "Dicen, Elis Denele"]
[Black "Saharkar, Sharvari"]
[Result "1-0"]
[WhiteTitle "WFM"]
[WhiteElo "2136"]
[BlackElo "1631"]
[WhiteFideId "462560"]
[BlackFideId "343401120"]
[EventDate "2025.07.18"]

1. d4 d5 2. Nf3 Nf6 3. Bf4 e6 4. e3 c5 5. c3 Nc6 6. Nbd2 Be7 7. Bd3 Bd7 8. Ne5
a6 9. g4 h6 10. Qf3 Qb6 11. Rb1 Rc8 12. h4 cxd4 13. exd4 Nxe5 14. Bxe5 Bb5 15.
Bc2 Rg8 16. a4 Bc6 17. Qe2 Nd7 18. Nf3 Bf6 19. Bf4 Rh8 20. Rg1 g6 21. Qe3 Bg7
22. Ne5 Rg8 23. Nxg6 Kd8 24. Ne5 Nxe5 25. Bxe5 Bxe5 26. Qxe5 Ke7 27. Qf4 Bd7 28.
Rg3 Qd6 29. Qxh6 Rcf8 30. Qe3 Rg7 31. Kd2 b5 32. axb5 axb5 33. h5 b4 34. h6 Rgg8
35. h7 Rg7 36. Qh6 Rxh7 37. Bxh7 Ra8 38. Qg5+ Ke8 39. Qg8+ Qf8 40. Qxf8+ Kxf8
41. Bc2 bxc3+ 42. Rxc3 Ke7 43. b4 Rb8 44. Rc5 Bb5 45. Bd3 Bd7 46. b5 Kd6 47. f4
f6 48. Ra1 Ke7 49. Kc3 Bc8 50. Kb4 Kd6 51. Rc6+ Ke7 52. Ra7+ Ke8 53. Rcc7 Kf8
54. Rf7+ Ke8 55. Rh7 Rb7 56. Raxb7 Bxb7 57. Rxb7 Kd8 58. g5 fxg5 59. fxg5 Kc8
60. Rh7 Kd8 61. b6 Kc8 62. Ba6+ Kd8 63. b7 Ke8 64. b8=Q# 1-0

[Event "English Women's 2025"]
[Site "Kenilworth ENG"]
[Date "2025.07.20"]
[Round "6.1"]
[White "Longson, Sarah N"]
[Black "Zhu, Yaoyao"]
[Result "1-0"]
[WhiteTitle "WFM"]
[WhiteElo "1932"]
[BlackElo "1967"]
[WhiteFideId "2501465"]
[BlackFideId "8601330"]
[EventDate "2025.07.18"]

1. e4 e5 2. Nf3 Nc6 3. Nc3 Nf6 4. d4 exd4 5. Nxd4 Bb4 6. Nxc6 bxc6 7. Bd3 d5 8.
exd5 O-O 9. O-O cxd5 10. h3 c6 11. Qf3 Bd6 12. Ne2 h6 13. Bf4 Rb8 14. b3 c5 15.
Rad1 Bb7 16. Bxd6 Qxd6 17. Qg3 Qxg3 18. fxg3 a5 19. Nc3 Bc6 20. Rf5 Rfe8 21. g4
Re6 22. Rdf1 Rbe8 23. g5 hxg5 24. Rxg5 Re5 25. Rxf6 Rxg5 26. Rxc6 c4 27. bxc4
dxc4 28. Rxc4 g6 29. Ne4 Rf5 30. Kh2 Ree5 31. Nd6 Rf6 32. Rc8+ Kh7 33. Nc4 Rd5
34. Ra8 Rf4 35. Kg3 Rfd4 36. Ra7 Kg7 37. a3 Rg5+ 38. Kf3 Rdd5 39. Ne3 Rd6 40. g4
Rc5 41. Nc4 Rdd5 42. h4 Kf6 43. Nb6 1-0

[Event "English Women's 2025"]
[Site "Kenilworth ENG"]
[Date "2025.07.20"]
[Round "6.2"]
[White "Sheikh, Anum"]
[Black "Mirzoeva, Elmira"]
[Result "0-1"]
[WhiteTitle "WCM"]
[BlackTitle "WGM"]
[WhiteElo "1843"]
[BlackElo "2294"]
[WhiteFideId "436690"]
[BlackFideId "4127951"]
[EventDate "2025.07.18"]

1. e4 c6 2. d4 d5 3. exd5 cxd5 4. Bd3 Nc6 5. c3 Qc7 6. Ne2 Bg4 7. f3 Bd7 8. Bf4
e5 9. dxe5 Nxe5 10. O-O Bd6 11. Nd4 Nf6 12. Qe2 O-O 13. Bc2 Rfe8 14. Qf2 Nh5 15.
Bxe5 Bxe5 16. Qh4 g6 17. Na3 Nf4 18. Rae1 Kg7 19. Kh1 a6 20. Qf2 h5 21. g3 Nh3
22. Qg2 h4 23. f4 Bxd4 24. Rxe8 Rxe8 25. cxd4 hxg3 26. Qxg3 Re2 27. f5 Qxg3 28.
hxg3 b5 29. fxg6 fxg6 30. b4 Rd2 31. Bb3 Rxd4 32. Nc2 Rd3 33. Re1 Bf5 34. Ne3
Be4+ 35. Kh2 Ng5 36. Re2 Nf3+ 37. Kg2 Nd4+ 0-1

[Event "English Women's 2025"]
[Site "Kenilworth ENG"]
[Date "2025.07.20"]
[Round "6.3"]
[White "Hariharan, Shambavi"]
[Black "Fernando, Manel"]
[Result "1-0"]
[WhiteTitle "WCM"]
[WhiteElo "1936"]
[BlackElo "1698"]
[WhiteFideId "488160"]
[BlackFideId "439606"]
[EventDate "2025.07.18"]

1. d4 d5 2. c4 c6 3. Nf3 e6 4. cxd5 exd5 5. Nc3 Nf6 6. Bg5 Be7 7. e3 Nbd7 8. Bd3
b6 9. O-O O-O 10. Re1 Re8 11. Qc2 h6 12. Bf4 Bb7 13. h3 Rc8 14. Qe2 c5 15. Ne5
c4 16. Bf5 Ra8 17. Qf3 a6 18. Nxc4 Bb4 19. Nd6 Bxd6 20. Bxd6 Ne4 21. Bf4 Ndf6
22. Qe2 Bc8 23. Bxc8 Rxc8 24. Nxe4 Nxe4 25. Rac1 b5 26. f3 Nf6 27. Qd2 Qb6 28.
Rxc8 Rxc8 29. Rc1 Re8 30. Qd3 Qe6 31. Re1 Nh5 32. Be5 f6 33. Bh2 f5 34. Be5 Nf6
35. Bxf6 Qxf6 36. e4 fxe4 37. fxe4 Qh4 38. g3 Qxh3 39. Qb3 Qe6 40. e5 Rc8 41.
Rf1 Kh8 42. Qf3 Kg8 43. Rf2 Re8 44. Kg2 Rd8 45. a3 Qb6 46. Qf7+ Kh8 47. Rf4 b4
48. e6 bxa3 49. e7 Qxb2+ 50. Rf2 Qb6 1-0

[Event "English Women's 2025"]
[Site "Kenilworth ENG"]
[Date "2025.07.20"]
[Round "6.4"]
[White "Dicen, Elis Denele"]
[Black "Roychowdhury, Aashita"]
[Result "1-0"]
[WhiteTitle "WFM"]
[WhiteElo "2136"]
[BlackElo "1625"]
[WhiteFideId "462560"]
[BlackFideId "343412106"]
[EventDate "2025.07.18"]

1. e4 c6 2. d4 d5 3. exd5 cxd5 4. Bd3 Nc6 5. c3 Nf6 6. h3 g6 7. Nf3 Bg7 8. Bf4
Bf5 9. O-O e6 10. Re1 Bxd3 11. Qxd3 O-O 12. Nbd2 Re8 13. a4 b6 14. Qe3 Ne7 15.
Ne5 Nd7 16. Ndf3 Nxe5 17. Nxe5 Nf5 18. Qd2 Bxe5 19. Bxe5 f6 20. Bh2 Ng7 21. Qd3
Qd7 22. Bf4 g5 23. Bd2 Rac8 24. b3 Nf5 25. Qf3 Qf7 26. Rac1 Nd6 27. Qd3 Kg7 28.
f3 Qg6 29. Qe3 Nf5 30. Qf2 Nd6 31. Re2 Qf7 32. Rf1 h6 33. Qe1 Qd7 34. Qg3 Nf5
35. Qf2 Qf7 36. f4 Nd6 37. Qe1 Qd7 38. fxg5 hxg5 39. Qg3 Ne4 40. Qf3 Rf8 41. Qd3
Qc7 42. Rc1 Nxd2 43. Qxd2 Qd7 44. Rce1 Rc6 45. Re3 Qf7 46. Rf3 Qg6 47. Ref1 Rc7
48. Qe2 Re7 49. Re3 Rfe8 50. c4 dxc4 51. bxc4 Qf7 52. Re1 Kf8 53. Kh1 f5 54. Re5
Qf6 55. Qd3 Rd8 56. d5 Rd6 57. Qa3 Rdd7 58. Rxe6 Qf7 59. a5 bxa5 60. Qxa5 Qg7
61. Rxe7 Rxe7 62. Qd8+ Kf7 63. Rxe7+ 1-0

[Event "English Women's 2025"]
[Site "Kenilworth ENG"]
[Date "2025.07.20"]
[Round "6.5"]
[White "Saharkar, Sharvari"]
[Black "Maton, Emily"]
[Result "0-1"]
[WhiteElo "1631"]
[BlackElo "1980"]
[WhiteFideId "343401120"]
[BlackFideId "343120293"]
[EventDate "2025.07.18"]

1. e4 c5 2. Nf3 e6 3. d4 cxd4 4. Nxd4 Nf6 5. Nc3 Nc6 6. Be3 Bb4 7. f3 d5 8. Nxc6
bxc6 9. Bd2 e5 10. Bd3 Rb8 11. exd5 cxd5 12. Qe2 O-O 13. Qf2 e4 14. fxe4 dxe4
15. Be2 Qc7 16. Rb1 Bxc3 17. Bxc3 Qxc3+ 18. bxc3 Rxb1+ 19. Bd1 Bg4 20. Kd2 Rd8+
21. Ke3 Bxd1 22. Kf4 e3 23. Qh4 Rb5 24. Re1 g5+ 25. Qxg5+ Rxg5 26. Kxg5 Ne4+ 27.
Kf4 Nxc3 28. Kxe3 Bxc2 29. Rc1 Nd5+ 30. Kf2 Nb4 31. a3 Nd3+ 32. Ke2 Nxc1+ 33.
Ke1 Rd1+ 34. Kf2 Nd3+ 35. Ke2 Nf4+ 36. Kf2 Rd2+ 37. Ke3 Rxg2 38. Kxf4 Rxh2 39.
a4 Bxa4 40. Kg5 Rf2 41. Kg4 Bc6 42. Kg3 Rf3+ 43. Kh4 a5 44. Kh5 a4 45. Kh6 a3
46. Kh5 a2 47. Kh6 a1=Q 48. Kh5 Qh1+ 49. Kg4 Qg2+ 50. Kh4 Rh3# 0-1

[Event "English Women's 2025"]
[Site "Kenilworth ENG"]
[Date "2025.07.21"]
[Round "7.1"]
[White "Mirzoeva, Elmira"]
[Black "Dicen, Elis Denele"]
[Result "1-0"]
[WhiteTitle "WGM"]
[BlackTitle "WFM"]
[WhiteElo "2294"]
[BlackElo "2136"]
[WhiteFideId "4127951"]
[BlackFideId "462560"]
[EventDate "2025.07.18"]

1. Nf3 Nf6 2. g3 g6 3. b3 Bg7 4. Bb2 d6 5. d4 c5 6. Bg2 O-O 7. c4 Nc6 8. d5 Na5
9. O-O e6 10. dxe6 Bxe6 11. Ng5 Qe7 12. Nxe6 fxe6 13. Nc3 Rad8 14. Qd2 Nc6 15.
Rad1 Rd7 16. e3 Rfd8 17. Qe2 Qf7 18. g4 Ne7 19. g5 Ne8 20. Rd3 Nf5 21. Rfd1 a6
22. f4 Kh8 23. Ne4 b6 24. Nf2 Rc7 25. Ng4 Bxb2 26. Qxb2+ Qg7 27. Qa3 Rb8 28. b4
b5 29. bxc5 b4 30. Qxa6 Rxc5 31. Bf1 Qc7 32. Qa4 Rxc4 33. Qb3 Rc8 34. R3d2 Rc3
35. Qxe6 Neg7 36. Qf6 Nxe3 37. Nxe3 Rxe3 38. Rxd6 Ree8 39. Rd7 Qc5+ 40. R1d4 Rg8
41. Bc4 Rcf8 42. Qe5 Qxe5 43. fxe5 Nf5 44. Rd2 Ne3 45. Be2 Re8 46. Rb7 Rg7 47.
Rxb4 Rxe5 48. h4 Ra7 49. a4 Kg7 50. Rd8 Nc2 51. Bc4 Rf7 52. Rbb8 Re1+ 53. Kh2
Rf2+ 54. Kg3 Rf7 55. Rg8# 1-0

[Event "English Women's 2025"]
[Site "Kenilworth ENG"]
[Date "2025.07.21"]
[Round "7.2"]
[White "Maton, Emily"]
[Black "Hariharan, Shambavi"]
[Result "0-1"]
[BlackTitle "WCM"]
[WhiteElo "1980"]
[BlackElo "1936"]
[WhiteFideId "343120293"]
[BlackFideId "488160"]
[EventDate "2025.07.18"]

1. d4 Nf6 2. Nf3 e6 3. e3 c5 4. Bd3 d5 5. b3 b6 6. Bb2 Bd6 7. O-O O-O 8. Nbd2
Bb7 9. Ne5 Nbd7 10. f4 Rc8 11. Qf3 b5 12. Nxd7 Nxd7 13. dxc5 Nxc5 14. Qg4 f6 15.
Bd4 Qd7 16. Bxc5 Bxc5 17. Kh1 f5 18. Qe2 a6 19. a4 b4 20. Bxa6 Bxa6 21. Qxa6
Bxe3 22. Qe2 Bd4 23. Ra2 Rf6 24. Nf3 Bc3 25. a5 Ra8 26. a6 Qd6 27. Ne5 Rff8 28.
Rf3 Ra7 29. Rh3 Rfa8 30. Qh5 g6 31. Qh4 Bxe5 32. fxe5 Qxe5 33. Kg1 d4 34. Ra4
Qe2 35. Rf3 Rxa6 36. Qxd4 Rxa4 37. bxa4 Qxc2 38. Qxb4 Qxa4 39. Qxa4 Rxa4 40. Rb3
Ra7 41. Rb8+ Kg7 42. Re8 Kf7 43. Rh8 Ra1+ 44. Kf2 h5 45. Rb8 Kf6 46. Rf8+ Kg5
47. Re8 Ra6 48. Kf3 h4 49. h3 Kf6 50. Rh8 g5 51. Rf8+ Ke5 52. Rb8 Ra3+ 53. Kf2
Ra4 54. Rb6 Re4 55. Rb3 g4 56. hxg4 Rxg4 57. Rb5+ Kf4 58. Rb4+ Kg5 59. Rb8 e5
60. Rg8+ Kf4 61. Ra8 e4 62. Ra4 Rg3 63. Rb4 Ra3 64. Rc4 Ra2+ 65. Kf1 Rd2 66. Rc8
Ke3 67. Kg1 f4 68. Rh8 Rd1+ 69. Kh2 Kd2 70. Rd8+ Ke1 71. Rf8 e3 72. Rxf4 e2 73.
Rxh4 Kf2 74. Rf4+ Ke3 75. Rf8 e1=Q 76. Re8+ Kf4 0-1

[Event "English Women's 2025"]
[Site "Kenilworth ENG"]
[Date "2025.07.21"]
[Round "7.3"]
[White "Zhu, Yaoyao"]
[Black "Sheikh, Anum"]
[Result "1-0"]
[BlackTitle "WCM"]
[WhiteElo "1967"]
[BlackElo "1843"]
[WhiteFideId "8601330"]
[BlackFideId "436690"]
[EventDate "2025.07.18"]

1. e4 c5 2. Nf3 e6 3. d4 cxd4 4. Nxd4 Nc6 5. Nb5 d6 6. c4 a6 7. N5c3 Nf6 8. Be2
Be7 9. O-O Qc7 10. Bf4 O-O 11. Re1 Rd8 12. Nd2 Nd4 13. Bf1 Nd7 14. Be3 Bf6 15.
Rc1 b6 16. Ndb1 Nc6 17. f4 Bb7 18. a3 Ne7 19. b4 Rac8 20. Qb3 Qb8 21. Rcd1 Ng6
22. Rd2 Be7 23. Qd1 Qa8 24. e5 Bh4 25. g3 Bf3 26. Qa4 dxe5 27. Rxd7 exf4 28. Bf2
Bc6 29. Rxd8+ Bxd8 30. b5 fxg3 31. hxg3 Bb7 32. Nd2 Bc7 33. Nce4 Ne5 34. Qb3 a5
35. Qe3 Rd8 36. Qc3 Ng4 37. Bd4 f5 38. Nf2 e5 39. Be3 Nf6 40. Bg5 Rf8 41. Bh3
Nd7 42. Nf1 h6 43. Bd2 Nc5 44. Ne3 f4 45. gxf4 exf4 46. Nf5 Rf7 47. Ne7+ Kh8 48.
Ng6+ Kg8 49. Ne7+ Kh8 50. Nd5 Bxd5 51. cxd5 Qxd5 52. Re8+ Kh7 53. Qc2+ g6 54.
Bc3 Qg5+ 55. Kf1 Rg7 56. Bxg7 Kxg7 57. Qb2+ Kf7 58. Qh8 1-0

[Event "English Women's 2025"]
[Site "Kenilworth ENG"]
[Date "2025.07.21"]
[Round "7.4"]
[White "Longson, Sarah N"]
[Black "Saharkar, Sharvari"]
[Result "1-0"]
[WhiteTitle "WFM"]
[WhiteElo "1932"]
[BlackElo "1631"]
[WhiteFideId "2501465"]
[BlackFideId "343401120"]
[EventDate "2025.07.18"]

1. e4 e5 2. Nf3 Nc6 3. Bc4 Bc5 4. O-O d6 5. c3 Nf6 6. d3 h6 7. Nbd2 O-O 8. h3
Nh7 9. Re1 Kh8 10. Nb3 Bb6 11. Be3 f5 12. Bxb6 axb6 13. Nbd2 f4 14. d4 Bd7 15.
dxe5 dxe5 16. Qe2 Rf6 17. Kh2 Qe7 18. Rad1 Nf8 19. a3 Ne6 20. Bd5 Nc5 21. Nc4 b5
22. Bxc6 bxc4 23. Bxd7 Nxd7 24. Qxc4 Rc6 25. Qd5 Nc5 26. Nxe5 Re6 27. Nf3 c6 28.
Qd4 Nxe4 29. Qd7 Re8 30. Qxe7 R6xe7 31. Kg1 Nc5 32. Rxe7 Rxe7 33. Kf1 Na4 34.
Rd2 Kh7 35. Rc2 Kg6 36. c4 Nc5 37. Re2 Rxe2 38. Kxe2 Kf5 39. b4 Ne4 40. Nd4+ Ke5
41. Nc2 g5 42. f3 Ng3+ 43. Kd3 Nf5 44. a4 Ke6 45. Ke4 Kd6 46. Kd3 h5 47. a5 Ng3
48. Ne1 Ne2 49. Kc2 Ng3 50. Kb3 Nf5 51. b5 c5 52. Kc3 Nd4 53. Kd3 h4 54. Ke4 Nb3
55. a6 bxa6 56. bxa6 Kc6 57. Kf5 Kb6 58. a7 Kxa7 59. Nd3 Ka6 60. Kxg5 Ka5 61.
Kxf4 Nd2 62. Nxc5 Nxc4 63. Ke4 Nd2+ 64. Kd3 Kb5 65. Kxd2 Kxc5 66. Ke3 Kd5 67.
Kf4 Ke6 68. Kg4 Kf6 69. Kxh4 Kg6 70. g4 Kh6 71. g5+ Kh7 72. Kh5 Kh8 73. f4 Kg8
74. f5 Kh8 75. Kg6 Kg8 76. h4 Kh8 77. h5 Kg8 78. h6 Kh8 79. f6 Kg8 80. f7+ Kh8
81. f8=Q# 1-0